الشورى و أهل الحل و العقد في السياسة الشرعية / (رقم التسجيلة. 114402)
[ عرض عادي ]
| 000 -الفاتح | |
|---|---|
| عناصر البيانات ثابتة الطول | 00720cam a2200193 i 4500 |
| 005 - تاريخ ووقت آخر معاملة | |
| حقل ضبط | 20251221090625.0 |
| 008 - عناصر البيانات ثابتة الطول | |
| عناصر البيانات ثابتة الطول | 250721s2009 jo gr 000 0 ara d |
| 082 14 - رقم تصنيف ديوي العشري | |
| رقم التصنيف | 216.917 |
| رقم المادة | ج ب ر |
| 100 1# - مدخل رئيسي – اسم شخصي | |
| الاسم الشخصي | جبر، دندل |
| علاقة الشخص بالعمل/ دوره | مؤلف. |
| 245 12 - بيان العنوان | |
| العنوان | الشورى و أهل الحل و العقد في السياسة الشرعية / |
| بيان المسؤولية | الاستاذة دندل جبر . |
| 250 ## - بيان الطبعة | |
| بيان الطبعة | الطبعه الاولى ؛ مزيدة و منقحة |
| 264 31 - بيانات النشر، التوزيع…إلخ | |
| مكان النشر، التوزيع...إلخ | عمان : |
| اسم الناشر، الموزع...إلخ | الأكاديميون للنشر و التوزيع، |
| تاريخ النشر، التوزيع...إلخ | 2009. |
| 300 ## - الوصف المادي | |
| عدد الوحدات المكونة للوعاء | 263 صفحة. |
| 650 17 - مدخل إضافي بالموضوع - مصطلح موضوعي | |
| مصطلح موضوعي أو اسم جغرافي كعنصر مدخل | الاسلام. |
| 650 17 - مدخل إضافي بالموضوع - مصطلح موضوعي | |
| مصطلح موضوعي أو اسم جغرافي كعنصر مدخل | الاحكام السلطانيه. |
| 650 17 - مدخل إضافي بالموضوع - مصطلح موضوعي | |
| مصطلح موضوعي أو اسم جغرافي كعنصر مدخل | الشورى. |
| 942 ## - بيانات إضافية (كوها) | |
| نوع التنصيف | Dewey Decimal Classification |
| نوع المادة (كوها) | كتب |
| حالة السحب | حالة الفقدان | مصدر التصنيف | حالة التلف | غير قابل للإعارة | المكتبة الرئيسية | المكتبة الحالية | موقع الرف | تاريخ التزويد | الرقم المتسلسل | Total Checkouts | رقم الإستدعاء | الباركود | تاريخ آخر ظهور | تاريخ الفاتورة | نوع المادة (كوها) | العملة |
|---|---|---|---|---|---|---|---|---|---|---|---|---|---|---|---|---|
| Dewey Decimal Classification | المكتبة المركزية | المكتبة المركزية | الإعارة | 21/12/2025 | 145483 | 216.917 / ج ب ر | PLD145483 | 21/12/2025 | 21/12/2025 | كتب | JOD | |||||
| Dewey Decimal Classification | مكتبة الأميرة ايمان العامة | مكتبة الأميرة ايمان العامة | الإعارة | 20/10/2008 | 1227491 | 216.917/جبر | PLD00045234 | 28/07/2025 | 20/10/2008 | كتب | ||||||
| Dewey Decimal Classification | مكتبة الاميرة بديعة | مكتبة الاميرة بديعة | الإعارة | 20/10/2008 | 1227494 | 216.917/جبر | PLD00045237 | 28/07/2025 | 20/10/2008 | كتب | ||||||
| Dewey Decimal Classification | مكتبة الجويدة | مكتبة الجويدة | الإعارة | 20/10/2008 | 1227495 | 216.917/جبر | PLD00045238 | 28/07/2025 | 20/10/2008 | كتب | ||||||
| Dewey Decimal Classification | مكتبة الحسن العامة | مكتبة الحسن العامة | الإعارة | 20/10/2008 | 1227496 | 216.917/جبر | PLD00045239 | 28/07/2025 | 20/10/2008 | كتب | ||||||
| Dewey Decimal Classification | مكتبة حمزة العامة | مكتبة حمزة العامة | الإعارة | 20/10/2008 | 1227497 | 216.917/جبر | PLD00045240 | 28/07/2025 | 20/10/2008 | كتب | ||||||
| Dewey Decimal Classification | مكتبة صويلح العامة | مكتبة صويلح العامة | الإعارة | 20/10/2008 | 1227492 | 216.917/جبر | PLD00045235 | 28/07/2025 | 20/10/2008 | كتب |